000 00360nam a22001337a 4500
008 160523b xxu||||| |||| 00| 0 eng d
020 _a9780071764018
020 _a9780071764018
020 _a0071764011
041 _aeng
080 _a615
245 _aBasic clinical pharmacology:
_cBertram G. Katzung; Susan B. Masters; Anthony J. Trevor;
942 _2udc
_cBK
999 _c2406
_d2406